AN INVESTIGATION INTO REPETITION IN ENGLISH AND VIETNAMESE CHILDREN SONG /

Introduction - Literature review and theoretical background - Research design and methodology - Findings and discussion...

Spremljeno u:
Bibliografski detalji
Glavni autor: Lâm Bích Phương
Daljnji autori: Tran Quang Hai Ph.D huong dan
Format: Disertacija Knjiga
Jezik:English
Izdano: 2015.
Teme:
Oznake: Dodaj oznaku
Bez oznaka, Budi prvi tko označuje ovaj zapis!
Thư viện lưu trữ: Mạng thư viện Đại học Đà Nẵng
LEADER 01490cam a22003731a 4500
001 000035551
003 11838
005 20221230094932.0
008 160115s2015 000 eng
040 |a LNN 
041 |a eng 
082 |a 420.78  |b LÂ-P 
100 |a Lâm Bích Phương 
245 3 |a AN INVESTIGATION INTO REPETITION IN ENGLISH AND VIETNAMESE CHILDREN SONG /  |c Lâm Bích Phương. 
260 |c 2015. 
300 |a 74tr . : mh ; 30cm. 
502 |a Master thesis in social sciences and humanities 
520 |a Introduction - Literature review and theoretical background - Research design and methodology - Findings and discussion... 
650 |a AN INVESTIGATION INTO REPETITION IN ENGLISH AND VIETNAMESE CHILDREN SONG, Lâm Bích Phương, CHILDREN SONG, SONG 
700 |a Tran Quang Hai  |b Ph.D  |c huong dan 
852 |c Luận vă Thạc sĩ 
OWN |a LNN 
AVA |a UDN50  |b LNN  |c English  |d 420.78 LÂ-P  |e available  |t Error 5001 Not defined in file expand_doc_bib_avail.  |f 1  |g 0  |h N  |i 0  |j AN  |k 1 
999 |a From the UDN01 
AVA |a UDN50  |b LNN  |c English  |d 420.78 LÂ-P  |e available  |t Error 5001 Not defined in file expand_doc_bib_avail.  |f 1  |g 0  |h N  |i 0  |j AN  |k 1 
TYP |a Dissertation 
TYP |a Monograph 
TYP |a Printed language 
980 |a Mạng thư viện Đại học Đà Nẵng